| 000 | 00000nam 2200000za 4500 |
| 001 | 9.607162 |
| 003 | CaOODSP |
| 005 | 20221107134209 |
| 007 | cr ||||||||||| |
| 008 | 150406s1950 onc|||||o f00| 0 fre d |
| 040 | |aCaOODSP|bfre |
| 043 | |an-cn--- |
| 086 | 1 |aA13-1/189-1950F-PDF|zA12-2/189-1950F-PDF |
| 100 | 1 |aGervais, Paul. |
| 245 | 13|aLe trèfle Ladino |h[ressource électronique] / |c[Paul Gervais]. |
| 260 | |a[Ottawa] : |bMinistère de l'agriculture, |cseptembre 1950. |
| 300 | |a4 p.|bill., photographies |
| 490 | 1 |aCirculaire ; |v189 |
| 500 | |aPublié aussi en anglais sous le titre : Ladino clover. |
| 500 | |aPublication historique numérisée par Agriculture et Agroalimentaire Canada. |
| 590 | |a15-01-Supp|b2015-01-26 |
| 691 | 07|aCultures fourragères|2gcpds |
| 691 | 07|aPâturage|2gcpds |
| 710 | 1 |aCanada. |bMinistère de l'agriculture. |
| 775 | 08|tLadino clover / |w(CaOODSP)9.699508 |
| 830 | #0|aCirculaire (Canada. Ministère de l'agriculture)|v114|w(CaOODSP)9.504255 |
| 856 | 40|ahttp://publications.gc.ca|qPDF|s1.1 Mo|uhttps://publications.gc.ca/collections/collection_2014/aac-aafc/agrhist/A12-2-189-1950-fra.pdf |
| 986 | |a845 |